The eastern question 1774-1923

Saved in:
Bibliographic Details
Main Author: Macfie, A. L.
Format: Book
Language:English
Published: London : Longman, 1996
Series:Seminar studies in history
Subjects:
Tags: Add Tag
No Tags, Be the first to tag this record!

MARC

LEADER 00000nam a2200000 i 4500
001 1/12665
008 971022s1996 eng d
020 |a 0-582-29195-X 
035 |1 ΠΑΡ  |a 1997  |l 10018712 
040 |a GR-MY-UA  |b gre  |e aacr 
041 0 |a eng 
082 0 |a 947 
100 1 |a Macfie, A. L. 
245 1 4 |a The eastern question 1774-1923 /  |c A. L. Macfie 
260 |a London :   |b Longman,   |c 1996 
300 |a 141 p.  |b maps 
490 1 |a Seminar studies in history 
504 |a Includes bibliographical references and index 
650 0 0 |a Eastern question. 
830 0 |a Seminar studies in history 
852 |a INST  |b LESVOS  |e 19971022  |h 947 MAC  |p 005100015472  |q 005100015472  |t BK  |y 0 
909 |a Λ  |b 051059 
922 |a 1ΔΩΡ  |b 199710  |c TKA